000 00539nam a22001817a 4500
999 _c165533
_d165533
005 20190621112527.0
010 _aB-125695
020 _a9789388704069
_c297.00
035 _aEN-109227
037 _bDBAD/PUB
082 _a530
100 _aMathur, S B
245 _aSolved Problems in Physics for IIT JEE Advanced/
_cby S B Mathur
260 _aDelhi
_bBharati Bhawan
_c2017
270 _a4271/3 Ansari Road,
_bDaryaganj, New Delhi
_e110002
_k23286557
300 _avi,314p.
_c21cm(pbk)
942 _2ddc
_cEN
_h530
_mMAT